01680cam a2200385 i 450000100090000000300040000900500170001300800410003001000170007102000320008803500130012004000280013304200080016105000230016908200180019210000270021024501960023725000210043326400510045430000460050533600210055133700250057233800230059749000250062050000510064565000260069670000250072290600450074794200150079299900150080795201180082295201180094095201180105895201180117618656728OSt20260612160032.0150612s2016 nyua 000 0 eng  a 2015023382 a9780078021909q(alk. paper) a18656728 aDLCbengcDLCerdadDLC apcc00aHD30.22b.M39 201600a338.5 THO2231 aThomas, Christopher R.10aManagerial economics :bfoundations of business analysis and strategy /cChristopher R. Thomas, University of South Florida, S. Charles Maurice, Texas A&M University, Late Professor Emeritus. aTWELFTH EDITION. 1aNew York, NY :bMcGraw-Hill Education,c[2016] axxi, 714 pages :billustrations ;c24 cm. atext2rdacontent aunmediated2rdamedia avolume2rdacarrier0 aManagerial economics aRevised edition of Managerial economics, 2013. 0aManagerial economics.1 aMaurice, S. Charles. a7bcbccorignewd1eecipf20gy-gencatlg 2ddccBOOKS c9871d9871 00102ddc4070a1000b1000cGround Floor d2026-06-12l0o338.5 THOpLIB*15144r2026-06-12t3w2026-06-12yBOOKS 00102ddc4070a1000b1000cGround Floor d2026-06-12l0o338.5 THOpLIB*15145r2026-06-12t2w2026-06-12yBOOKS 00102ddc4070a1000b1000cGround Floor d2026-06-12l0o338.5 THOpLIB*15150r2026-06-12t1w2026-06-12yBOOKS 00102ddc4070a1000b1000cGround Floor d2026-06-12l0o338.5 THOpLIB*15143r2026-06-12t4w2026-06-12yBOOKS